000 00394nam a2200157Ia 4500
008 230524s9999 xx 000 0 und d
082 _bBAN
100 _aT.K.Bandopadhyay
245 0 _a"Antenna Engineering, Radio Wave Propagation and Noise"
250 _a3RD
260 _aNEW DELHI
_bKhanna
_c2003
300 _a147
500 _aQuantity Number: 2
650 _aElectronics
942 _cBK
999 _c4205
_d4205